<?xml version="1.0" encoding="UTF-8"?>
<record
    xmlns:xsi="http://www.w3.org/2001/XMLSchema-instance"
    xsi:schemaLocation="http://www.loc.gov/MARC21/slim http://www.loc.gov/standards/marcxml/schema/MARC21slim.xsd"
    xmlns="http://www.loc.gov/MARC21/slim">

  <leader>02809nam a22003737a 4500</leader>
  <controlfield tag="003">OSt</controlfield>
  <controlfield tag="005">20260507145631.0</controlfield>
  <controlfield tag="008">230227b        |||||||| |||| 00| 0 eng d</controlfield>
  <datafield tag="020" ind1=" " ind2=" ">
    <subfield code="a">9786210424843</subfield>
  </datafield>
  <datafield tag="040" ind1=" " ind2=" ">
    <subfield code="c">Foundation University</subfield>
    <subfield code="e">rda</subfield>
    <subfield code="b">English</subfield>
  </datafield>
  <datafield tag="041" ind1=" " ind2=" ">
    <subfield code="a">eng</subfield>
  </datafield>
  <datafield tag="050" ind1=" " ind2=" ">
    <subfield code="a">T 59.7</subfield>
    <subfield code="b">.2021 C67</subfield>
  </datafield>
  <datafield tag="100" ind1=" " ind2=" ">
    <subfield code="a">Cornell, Daryl Ace V.</subfield>
    <subfield code="9">33556</subfield>
    <subfield code="e">author</subfield>
  </datafield>
  <datafield tag="245" ind1=" " ind2=" ">
    <subfield code="a">Ergonomics and facilities planning for the hospitality industry /</subfield>
    <subfield code="c">Daryl Ace V. Cornell, Jocelyn A. Rivera-Lutap.</subfield>
  </datafield>
  <datafield tag="250" ind1=" " ind2=" ">
    <subfield code="a">First edition</subfield>
  </datafield>
  <datafield tag="260" ind1=" " ind2=" ">
    <subfield code="a">Manila, Philippines :</subfield>
    <subfield code="b">Rex Book Store,</subfield>
    <subfield code="c">c2021.</subfield>
  </datafield>
  <datafield tag="264" ind1=" " ind2=" ">
    <subfield code="4">2021</subfield>
  </datafield>
  <datafield tag="300" ind1=" " ind2=" ">
    <subfield code="a">vi, 183 pages :</subfield>
    <subfield code="b">illustrations, photos ;</subfield>
    <subfield code="c">25 cm</subfield>
    <subfield code="3">resource</subfield>
    <subfield code="f">volume</subfield>
  </datafield>
  <datafield tag="336" ind1=" " ind2=" ">
    <subfield code="2">rdacontent</subfield>
    <subfield code="a">text</subfield>
    <subfield code="b">txt</subfield>
  </datafield>
  <datafield tag="337" ind1=" " ind2=" ">
    <subfield code="2">rdamedia</subfield>
    <subfield code="a">unmediated</subfield>
    <subfield code="b">n</subfield>
  </datafield>
  <datafield tag="338" ind1=" " ind2=" ">
    <subfield code="2">rdacarrier</subfield>
    <subfield code="a">volume</subfield>
    <subfield code="3">paper</subfield>
    <subfield code="b">nc</subfield>
  </datafield>
  <datafield tag="490" ind1=" " ind2=" ">
    <subfield code="a">HRM-Tourism series</subfield>
  </datafield>
  <datafield tag="500" ind1=" " ind2=" ">
    <subfield code="a">OBE : Outcome-Based Education -- Front cover</subfield>
  </datafield>
  <datafield tag="504" ind1=" " ind2=" ">
    <subfield code="a">Includes bibliographical references and index.</subfield>
  </datafield>
  <datafield tag="505" ind1=" " ind2=" ">
    <subfield code="a">Chapter 1: Understanding Hospitality Facilities Planning and Ergonomics -- Chapter 2: Principles of Interior and Exterior Design -- Chapter 3: Workstation Facilities Design and the Hospitality Industry -- Chapter 4: Repetitive Task, Task Design, and Risk Assessment -- Chapter 5: Job Demands, Health, and Well-being -- Chapter 6: Site Selection -- Chapter 7: Planning Specifics for Hospitality and Tourism Property -- Chapter 8: Space Allocation
-- Chapter 9: Energy and Electricity -- Chapter 10: Water and Wastewater Systems -- Chapter 11: Heating, Ventilation, and Air-conditioning -- Chapter 12: Environment and Sustainability -- Chapter 13: Safety, Security, and Resiliency.
</subfield>
  </datafield>
  <datafield tag="520" ind1=" " ind2=" ">
    <subfield code="a">"Ergonomics and Facilities Planning for the Hospitality Industry will help inculcate knowledge and skills in facilities planning and design in the students to ensure that the organization&#x2019;s work environment fits the industry professional. This textbook covers an introduction to the different hospitality industry facilities, planning and designing workstations to create efficient and effective workplaces, selecting workstation furnishings to provide flexibility and adaptability for workers, and ensuring technical requirements in the study of facilities planning, design, and layout."--Back cover
</subfield>
  </datafield>
  <datafield tag="650" ind1=" " ind2="0">
    <subfield code="a">Human engineering</subfield>
    <subfield code="9">2288</subfield>
  </datafield>
  <datafield tag="650" ind1=" " ind2="0">
    <subfield code="a">Hospitality industry</subfield>
    <subfield code="9">1812</subfield>
    <subfield code="x">Furnishings, equipment, etc.</subfield>
  </datafield>
  <datafield tag="650" ind1=" " ind2="0">
    <subfield code="a">Hospitality industry</subfield>
    <subfield code="9">1812</subfield>
    <subfield code="x">Planning</subfield>
  </datafield>
  <datafield tag="658" ind1=" " ind2=" ">
    <subfield code="b">Ergonomics &amp; Facilities Planning for the Hospitality Industry</subfield>
    <subfield code="c">HRM308</subfield>
  </datafield>
  <datafield tag="700" ind1=" " ind2=" ">
    <subfield code="a">Rivera-Lutap, Jocelyn A.</subfield>
    <subfield code="9">33557</subfield>
    <subfield code="e">author</subfield>
  </datafield>
  <datafield tag="856" ind1=" " ind2=" ">
    <subfield code="u">https://drive.google.com/file/d/1eD38cUVRDKp91FvhBKv13qEaQnGOuPld/view?usp=sharing</subfield>
    <subfield code="y">Click here to view the table of contents</subfield>
  </datafield>
  <datafield tag="942" ind1=" " ind2=" ">
    <subfield code="2">lcc</subfield>
    <subfield code="c">BK</subfield>
    <subfield code="e">First edition</subfield>
    <subfield code="h">T 59.7</subfield>
    <subfield code="i">.2021 C67</subfield>
    <subfield code="k">(CHM)</subfield>
    <subfield code="n">0</subfield>
  </datafield>
  <datafield tag="999" ind1=" " ind2=" ">
    <subfield code="c">4995</subfield>
    <subfield code="d">4995</subfield>
  </datafield>
  <datafield tag="952" ind1=" " ind2=" ">
    <subfield code="u">https://drive.google.com/file/d/1eD38cUVRDKp91FvhBKv13qEaQnGOuPld/view?usp=sharing</subfield>
    <subfield code="0">0</subfield>
    <subfield code="1">0</subfield>
    <subfield code="2">lcc</subfield>
    <subfield code="4">0</subfield>
    <subfield code="7">7</subfield>
    <subfield code="8">NFIC</subfield>
    <subfield code="a">FOUNDATION</subfield>
    <subfield code="b">FOUNDATION</subfield>
    <subfield code="c">MAIN-CHM</subfield>
    <subfield code="d">2025-09-23</subfield>
    <subfield code="e">Purchase</subfield>
    <subfield code="l">1</subfield>
    <subfield code="m">4</subfield>
    <subfield code="o">(CHM) T 59.7 .2021 C67</subfield>
    <subfield code="p">0252025003035</subfield>
    <subfield code="q">2026-06-13</subfield>
    <subfield code="r">2026-01-13 15:28:00</subfield>
    <subfield code="s">2026-01-13</subfield>
    <subfield code="w">2025-09-23</subfield>
    <subfield code="y">BK</subfield>
    <subfield code="k">CHM-2025035</subfield>
  </datafield>
  <datafield tag="952" ind1=" " ind2=" ">
    <subfield code="u">https://drive.google.com/file/d/1eD38cUVRDKp91FvhBKv13qEaQnGOuPld/view?usp=sharing</subfield>
    <subfield code="0">0</subfield>
    <subfield code="1">0</subfield>
    <subfield code="2">lcc</subfield>
    <subfield code="4">0</subfield>
    <subfield code="7">4</subfield>
    <subfield code="8">NFIC</subfield>
    <subfield code="a">FOUNDATION</subfield>
    <subfield code="b">FOUNDATION</subfield>
    <subfield code="c">MAIN-CHM</subfield>
    <subfield code="d">2026-05-07</subfield>
    <subfield code="e">library budget</subfield>
    <subfield code="l">0</subfield>
    <subfield code="o">(CHM-HosMgt) T 59.7 .2021 C67 c.2</subfield>
    <subfield code="p">0252026003072</subfield>
    <subfield code="r">2026-05-07 14:52:59</subfield>
    <subfield code="w">2026-05-07</subfield>
    <subfield code="y">BK</subfield>
    <subfield code="k">CHM-HosMgt-2026072</subfield>
  </datafield>
  <datafield tag="952" ind1=" " ind2=" ">
    <subfield code="u">https://drive.google.com/file/d/1eD38cUVRDKp91FvhBKv13qEaQnGOuPld/view?usp=sharing</subfield>
    <subfield code="0">0</subfield>
    <subfield code="1">0</subfield>
    <subfield code="2">lcc</subfield>
    <subfield code="4">0</subfield>
    <subfield code="7">0</subfield>
    <subfield code="8">NFIC</subfield>
    <subfield code="a">FOUNDATION</subfield>
    <subfield code="b">FOUNDATION</subfield>
    <subfield code="c">MAIN-CHM</subfield>
    <subfield code="d">2026-05-07</subfield>
    <subfield code="e">library budget</subfield>
    <subfield code="l">0</subfield>
    <subfield code="o">(CHM-HosMgt) T 59.7 .2021 C67 c.3</subfield>
    <subfield code="p">0252026003073</subfield>
    <subfield code="r">2026-05-07 14:55:08</subfield>
    <subfield code="w">2026-05-07</subfield>
    <subfield code="y">BK</subfield>
    <subfield code="k">CHM-HosMgt-2026073</subfield>
  </datafield>
</record>
